000 00384 a2200145 4500
001 169834
020 _a
040 _cMagnum
100 _aAgencia Regional de Noticias
240 1 0 _aClipping em educacao - 16/04/01 a 22/04/01 - ano ii - nº 83
_lpor
245 1 0 _aClipping em educacao - 16/04/01 a 22/04/01 - ano ii - nº 83
362 0 _a1899
697 _aENSINO
942 _cBK
999 _c169834
_d169834